|
|
|
|
| LEADER |
00870nab#a2200337#ar4500 |
| 001 |
000088821 |
| 003 |
SVKKK |
| 005 |
20080409090321.0 |
| 008 |
080312c2007 xo |||||||||||||||b|slo |
| FMT |
|
|
|
| 015 |
|
|
|a SNBRB2008/04
|
| 038 |
|
|
|a SVKKK
|
| 040 |
|
|
|a SVKKK
|b slo
|e AACR2
|
| 041 |
0 |
|
|a slo
|
| 044 |
|
|
|a xo
|c SK
|
| 080 |
|
|
|a 061.234
|2 1997
|
| 100 |
1 |
|
|a Kováčik, Jozef
|4 aut
|
| 245 |
1 |
0 |
|a Vzorom každého biskupa je Ježiš Kristus
|c Jozef Kováčik
|
| 300 |
|
|
|b Fotogr.
|
| 610 |
2 |
4 |
|a Konferencia biskupov Slovenska
|x plenárne zasadanie
|y 9.-10.10.2007
|z Donovaly (Slovensko)
|
| 655 |
|
4 |
|a náboženstvo
|
| 700 |
1 |
|
|a Juhaniaková, Zuzana
|4 pht
|
| 773 |
0 |
|
|t Katolícke noviny
|g Roč. 122, č. 42 (2007), s. 3
|x 0139-8512
|
| 957 |
|
|
|a 601
|
| 958 |
|
|
|a NT
|
| 974 |
|
|
|a Čr
|
| 992 |
|
|
|a RBX
|
| BAS |
|
|
|
| 852 |
|
|
|a SVKKK
|b BIB
|
| EXP |
|
|
|
| 998 |
|
|
|a SLO
|